[Event "St Veit op 42nd"]
[Site "St Veit"]
[Date "2023.07.15"]
[Round "9"]
[White "Moewisch, Dave"]
[Black "Markun, Ozbej"]
[Result "1-0"]
[WhiteElo "1905"]
[BlackElo "1877"]
[PlyCount "57"]
[EventDate "2023.07.08"]
[EventType "swiss"]
[EventRounds "9"]
[EventCountry "AUT"]
[SourceTitle "CBM 215 Extra"]
[Source "ChessBase"]
[SourceDate "2023.09.30"]
[SourceVersion "1"]
[SourceVersionDate "2023.09.30"]
[SourceQuality "1"]

1. e4 c5 2. Nf3 d6 3. d4 cxd4 4. Nxd4 Nf6 5. Nc3 a6 6. Bg5 e6 7. f4 Be7 8. Qf3 Qa5 9. 0-0-0 Bd7 10. f5 Nc6 11. Nb3 Qc7 12. fxe6 fxe6 13. Qg3 0-0 14. Be2 b5 15. Bf3 Ne5 16. Rd4 a5 17. a3 Rfc8 18. Bf4 Rab8 19. Bd1 Ne8 20. h4 Nc6 21. Rd2 a4 22. Nc5 Qa7 23. Nxd7 Qxd7 24. Bg4 Na5 25. Qh3 Nc7 26. e5 Rb6 27. Nd5 Nb3+ 28. Kd1 Nxd2 29. Nxb6 1-0

[Event "SLO-chT Central 23rd"]
[Site "Slovenia"]
[Date "2022.10.27"]
[Round "6.1"]
[White "Markun, Ozbej"]
[Black "Plaskan, Jure"]
[Result "0-1"]
[WhiteElo "1986"]
[BlackElo "2217"]
[PlyCount "90"]
[EventDate "2022.09.15"]
[EventType "team-swiss"]
[EventRounds "9"]
[EventCountry "SLO"]
[SourceTitle "EXT 2024"]
[Source "ChessBase"]
[SourceDate "2023.10.10"]
[SourceVersion "1"]
[SourceVersionDate "2023.10.10"]
[SourceQuality "1"]
[WhiteTeam "Kranj Tomo Zupan"]
[BlackTeam "Domzale SD"]
[WhiteTeamCountry "SLO"]
[BlackTeamCountry "SLO"]

1. b4 d5 2. Bb2 Bg4 3. Nf3 Nd7 4. a3 Ngf6 5. e3 e5 6. h3 Bxf3 7. Qxf3 Bd6 8. c4 c6 9. Qd1 Qe7 10. Be2 Rd8 11. 0-0 dxc4 12. Bxc4 e4 13. Qe2 Ne5 14. Bd4 g5 15. d3 b5 16. Bb3 exd3 17. Qb2 g4 18. Nd2 gxh3 19. g3 Rg8 20. Kh1 Nh5 21. Rae1 Rxg3 22. Ne4 Nc4 23. Nxd6+ Rxd6 24. Bxc4 Qe4+ 25. f3 Rg2 26. Bxf7+ Kd8 27. Bxh5 Qh4 28. Bf6+ Rxf6 29. Qd4+ Qxd4 30. exd4 d2 31. Rd1 Rf4 32. Bg4 Re2 33. Rg1 Ke7 34. Bc8 Kd6 35. Rgf1 Kd5 36. Bd7 h2 37. Bh3 Kxd4 38. Bg2 Ke3 39. Rb1 Rd4 40. Rbd1 Rf2 41. Kxh2 Rxf1 42. Bxf1 Kf2 43. Kh3 Kxf3 44. Kh2 Kf2 45. Kh3 h6 0-1

[Event "SLO-chT Central 23rd"]
[Site "Slovenia"]
[Date "2022.10.06"]
[Round "3.1"]
[White "Olenik Campa, Rudi"]
[Black "Markun, Ozbej"]
[Result "1-0"]
[WhiteElo "2151"]
[BlackElo "1986"]
[PlyCount "71"]
[EventDate "2022.09.15"]
[EventType "team-swiss"]
[EventRounds "9"]
[EventCountry "SLO"]
[SourceTitle "EXT 2024"]
[Source "ChessBase"]
[SourceDate "2023.10.10"]
[SourceVersion "1"]
[SourceVersionDate "2023.10.10"]
[SourceQuality "1"]
[WhiteTeam "Ljubljana SK"]
[BlackTeam "Kranj Tomo Zupan"]
[WhiteTeamCountry "SLO"]
[BlackTeamCountry "SLO"]

1. e4 c5 2. Nf3 d6 3. d4 cxd4 4. Nxd4 Nf6 5. Nc3 a6 6. g3 e5 7. Nde2 b5 8. Nd5 Nbd7 9. Nec3 Bb7 10. Bg2 Nxd5 11. Nxd5 Nb6 12. Nxb6 Qxb6 13. 0-0 Be7 14. Be3 Qc7 15. a4 0-0 16. Qd3 Bc6 17. a5 Qb7 18. g4 Kh8 19. b3 Qd7 20. h3 Qe6 21. c4 Qg6 22. Kh2 Rad8 23. Rfc1 Bg5 24. Qd2 Bxe3 25. Qxe3 bxc4 26. bxc4 Bd7 27. Rab1 h5 28. f3 Rfe8 29. Rb6 Kg8 30. Rd1 Be6 31. Bf1 hxg4 32. hxg4 Bxg4 33. fxg4 Qxg4 34. Rdxd6 Qh4+ 35. Bh3 Rc8 36. c5 1-0

[Event "SLO-chT2 West"]
[Site "Komenda"]
[Date "2021.12.05"]
[Round "7.1"]
[White "Markun, Ozbej"]
[Black "Luzar, Emil"]
[Result "0-1"]
[WhiteElo "1929"]
[BlackElo "2128"]
[PlyCount "54"]
[EventDate "2021.11.27"]
[EventType "team-tourn"]
[EventRounds "7"]
[EventCountry "SLO"]
[SourceTitle "EXT 2024"]
[Source "ChessBase"]
[SourceDate "2023.10.10"]
[SourceVersion "1"]
[SourceVersionDate "2023.10.10"]
[SourceQuality "1"]
[WhiteTeam "Kranj Tomo Zupan II"]
[BlackTeam "Dolenjske Toplice"]
[WhiteTeamCountry "SLO"]
[BlackTeamCountry "SLO"]

1. e4 c5 2. Nf3 d6 3. d4 cxd4 4. Nxd4 Nf6 5. Nc3 g6 6. Be3 Bg7 7. f3 0-0 8. Qd2 Nc6 9. Bc4 Nd7 10. 0-0-0 Nb6 11. Bb3 Na5 12. Qe2 Bd7 13. h4 Rc8 14. h5 Nbc4 15. hxg6 fxg6 16. Bh6 Bxh6+ 17. Rxh6 e5 18. Nf5 gxf5 19. f4 exf4 20. Qh5 Be8 21. Qh3 Rc7 22. exf5 Qg5 23. Kb1 Qxf5 24. Qh4 Bg6 25. Rd5 Nxb3 26. Rxg6+ Qxg6 27. axb3 Ne5 0-1

[Event "EU-ch Hybrid U16"]
[Site "Tornelo INT"]
[Date "2021.10.15"]
[Round "1"]
[White "Lutsko, Artem"]
[Black "Markun, Ozbej"]
[Result "1-0"]
[WhiteElo "2418"]
[BlackElo "1989"]
[PlyCount "67"]
[EventDate "2021.10.15"]
[EventType "swiss"]
[EventRounds "9"]
[EventCountry "NET"]
[SourceTitle "EXT 2023"]
[Source "ChessBase"]
[SourceDate "2022.10.05"]
[SourceVersion "1"]
[SourceVersionDate "2022.10.05"]
[SourceQuality "1"]
[WhiteTeam "Ukraine"]
[BlackTeam "Slovenia"]
[WhiteTeamCountry "UKR"]
[BlackTeamCountry "SLO"]

1. Nf3 d5 2. g3 e6 3. Bg2 f5 4. 0-0 Nf6 5. d3 Bd6 6. Nc3 e5 7. e4 fxe4 8. dxe4 d4 9. Nb5 0-0 10. Nxd6 Qxd6 11. Nd2 c5 12. f4 Ng4 13. Nc4 Qe6 14. b3 exf4 15. gxf4 Qh6 16. h3 Ne3 17. Nxe3 dxe3 18. Bxe3 Bxh3 19. Qd5+ Be6 20. Qxc5 Rc8 21. Qd4 Bh3 22. f5 Qh4 23. Rf3 Bxg2 24. Kxg2 Rxc2+ 25. Bf2 Nc6 26. Qd5+ Kh8 27. Rh1 Rxf2+ 28. Rxf2 Qg5+ 29. Kf3 h6 30. Rg2 Qf6 31. Kf4 Qe7 32. Qe6 Qc7+ 33. e5 g5+ 34. Rxg5 1-0

[Event "EU-ch Hybrid U16"]
[Site "Tornelo INT"]
[Date "2021.10.15"]
[Round "6"]
[White "Markun, Ozbej"]
[Black "Zvezdakoski, Matej"]
[Result "1-0"]
[WhiteElo "1989"]
[BlackElo "1931"]
[PlyCount "85"]
[EventDate "2021.10.15"]
[EventType "swiss"]
[EventRounds "9"]
[EventCountry "NET"]
[SourceTitle "EXT 2023"]
[Source "ChessBase"]
[SourceDate "2022.10.05"]
[SourceVersion "1"]
[SourceVersionDate "2022.10.05"]
[SourceQuality "1"]
[WhiteTeam "Slovenia"]
[BlackTeam "Macedonia"]
[WhiteTeamCountry "SLO"]
[BlackTeamCountry "MKD"]

1. e4 e5 2. Nf3 Nc6 3. Bc4 Bc5 4. 0-0 Nf6 5. d3 0-0 6. h3 h6 7. Re1 d6 8. c3 a5 9. Nbd2 Be6 10. Bb5 Ne7 11. d4 exd4 12. cxd4 Bb6 13. Nf1 d5 14. e5 Ne4 15. Bd3 Nf5 16. Bc2 Rc8 17. Bf4 Qe7 18. N1d2 Ng5 19. Bxg5 hxg5 20. Nf1 c5 21. Qd3 g6 22. dxc5 Qxc5 23. Re2 Rfd8 24. Rd1 Ne7 25. Qd2 d4 26. Qxg5 d3 27. Rxd3 Bc4 28. Rxd8+ Rxd8 29. Rd2 Bxa2 30. Ng3 Rxd2 31. Qxd2 Bd5 32. Be4 Kg7 33. Bxd5 Nxd5 34. Ne4 Qc4 35. Nd6 Qf4 36. Qxd5 Qc1+ 37. Kh2 Qf4+ 38. g3 Qc1 39. Qxf7+ Kh6 40. Qf8+ Kh7 41. Qf7+ Kh6 42. Qf4+ Qxf4 43. gxf4 1-0

[Event "EU-ch Hybrid U16"]
[Site "Tornelo INT"]
[Date "2021.10.15"]
[Round "7"]
[White "Pham, Khoi"]
[Black "Markun, Ozbej"]
[Result "1-0"]
[WhiteElo "2170"]
[BlackElo "1989"]
[PlyCount "57"]
[EventDate "2021.10.15"]
[EventType "swiss"]
[EventRounds "9"]
[EventCountry "NET"]
[SourceTitle "EXT 2023"]
[Source "ChessBase"]
[SourceDate "2022.10.05"]
[SourceVersion "1"]
[SourceVersionDate "2022.10.05"]
[SourceQuality "1"]
[WhiteTeam "Netherlands"]
[BlackTeam "Slovenia"]
[WhiteTeamCountry "NED"]
[BlackTeamCountry "SLO"]

1. d4 d5 2. c4 e6 3. Nc3 Nf6 4. cxd5 exd5 5. Bg5 c6 6. e3 Nbd7 7. Bd3 Be7 8. Nge2 Nh5 9. Bxe7 Qxe7 10. Qc2 g6 11. 0-0-0 Nb6 12. h3 Be6 13. f3 0-0-0 14. Kb1 Kb8 15. Rhe1 Qh4 16. Nc1 Ng7 17. a4 Bc8 18. a5 Nd7 19. a6 Rhe8 20. axb7 Bxb7 21. Nb3 c5 22. dxc5 Qb4 23. Bb5 Nxc5 24. Nxc5 Qxc5 25. Bxe8 Rxe8 26. Nxd5 Qd6 27. Nc3 Qb6 28. Qd2 Bc6 29. Qd4 1-0

[Event "Solta op 4th"]
[Site "Grohote"]
[Date "2021.08.12"]
[Round "6"]
[White "Sipic, Hrvoje"]
[Black "Markun, Ozbej"]
[Result "1-0"]
[WhiteElo "2197"]
[BlackElo "1937"]
[PlyCount "85"]
[EventDate "2021.08.08"]
[EventType "swiss"]
[EventRounds "9"]
[EventCountry "CRO"]
[SourceTitle "CBM 203 Extra"]
[Source "ChessBase"]
[SourceDate "2021.09.30"]
[SourceVersion "1"]
[SourceVersionDate "2021.09.30"]
[SourceQuality "1"]

1. d4 d5 2. Bf4 e6 3. Nf3 Nf6 4. e3 c5 5. Nbd2 Nc6 6. c3 cxd4 7. exd4 Nh5 8. Be3 Bd6 9. Ne5 g6 10. Ndf3 Ng7 11. Bd3 Qc7 12. 0-0 0-0 13. Re1 f6 14. Nxc6 bxc6 15. c4 Qf7 16. Qa4 Bd7 17. Rac1 g5 18. cxd5 exd5 19. Nd2 Qh5 20. Nf1 f5 21. Be2 g4 22. f4 Qh6 23. g3 Qf6 24. Bf2 Ne6 25. Rcd1 h5 26. Ne3 Rf7 27. Ng2 Nc7 28. Nh4 Be7 29. Bd3 Qd6 30. Re5 Bxh4 31. gxh4 Ne6 32. Be3 c5 33. Qa3 Qe7 34. dxc5 Qxh4 35. Bf2 g3 36. Bxg3 Qh3 37. Bf1 Qg4 38. Be2 Qh3 39. Qf3 Rg7 40. Bf1 Qg4 41. Qxg4 Rxg4 42. Bh3 Rg7 43. Bxf5 1-0

[Event "Solta op 4th"]
[Site "Grohote"]
[Date "2021.08.08"]
[Round "1"]
[White "Markun, Ozbej"]
[Black "Maksimovic, Bojan"]
[Result "0-1"]
[WhiteElo "1937"]
[BlackElo "2425"]
[PlyCount "40"]
[EventDate "2021.08.08"]
[EventType "swiss"]
[EventRounds "9"]
[EventCountry "CRO"]
[SourceTitle "CBM 203 Extra"]
[Source "ChessBase"]
[SourceDate "2021.09.30"]
[SourceVersion "1"]
[SourceVersionDate "2021.09.30"]
[SourceQuality "1"]

1. e4 c5 2. Nf3 Nc6 3. d4 cxd4 4. Nxd4 Nf6 5. Nc3 e5 6. Ndb5 d6 7. Bg5 a6 8. Na3 b5 9. Bxf6 gxf6 10. Nd5 f5 11. Bd3 Be6 12. 0-0 Bxd5 13. exd5 Ne7 14. Nxb5 Bg7 15. Nc3 0-0 16. Bc4 e4 17. Na4 Ng6 18. Bb3 Qg5 19. Kh1 Nh4 20. Rg1 Be5 0-1

[Event "Split op 10th"]
[Site "Split"]
[Date "2021.07.31"]
[Round "1"]
[White "Markun, Ozbej"]
[Black "Cupic, Lovro"]
[Result "0-1"]
[WhiteElo "1937"]
[BlackElo "2271"]
[PlyCount "76"]
[EventDate "2021.07.31"]
[EventType "swiss"]
[EventRounds "9"]
[EventCountry "CRO"]
[SourceTitle "CBM 203 Extra"]
[Source "ChessBase"]
[SourceDate "2021.09.30"]
[SourceVersion "1"]
[SourceVersionDate "2021.09.30"]
[SourceQuality "1"]

1. e4 c5 2. Nf3 e6 3. b4 cxb4 4. d4 Nf6 5. Bd3 b6 6. Qe2 a5 7. a3 Ba6 8. axb4 Bxd3 9. Qxd3 Bxb4+ 10. c3 Be7 11. 0-0 d5 12. e5 Ne4 13. Ba3 0-0 14. Bxe7 Qxe7 15. Na3 Na6 16. Nd2 Nxd2 17. Qxd2 Nc7 18. f4 b5 19. Nc2 Rfb8 20. Rf3 Ra6 21. Rb1 Rc6 22. Rh3 f5 23. Qe2 b4 24. cxb4 axb4 25. Rhb3 Na6 26. Ne3 Rbc8 27. g4 fxg4 28. Qxg4 Qf7 29. f5 exf5 30. Qxf5 Rc1+ 31. Rxc1 Rxc1+ 32. Kg2 Qxf5 33. Nxf5 Rc2+ 34. Kg1 Rc3 35. Rb2 Kf7 36. Re2 Nc7 37. Nd6+ Ke6 38. h4 b3 0-1

[Event "Oskarja Memorial 10th"]
[Site "Chess.com INT"]
[Date "2021.01.16"]
[Round "9"]
[White "Markun, Ozbej"]
[Black "Begic, Klara"]
[Result "1-0"]
[WhiteElo "1753"]
[BlackElo "1662"]
[PlyCount "147"]
[EventDate "2021.01.16"]
[EventType "swiss (blitz)"]
[EventRounds "15"]
[EventCountry "SLO"]
[SourceTitle "CBM 200 Extra"]
[Source "ChessBase"]
[SourceDate "2021.03.31"]
[SourceVersion "1"]
[SourceVersionDate "2021.03.31"]
[SourceQuality "1"]

1. e4 e6 2. d4 d5 3. Nc3 Bb4 4. exd5 exd5 5. Bd3 h6 6. Qf3 Nf6 7. Nge2 0-0 8. 0-0 Bg4 9. Qg3 Bd6 10. Bf4 Bxf4 11. Nxf4 Re8 12. Nfxd5 Nxd5 13. Nxd5 Qxd5 14. Qxg4 Nc6 15. c3 Re7 16. b3 Rae8 17. Bc4 Qd6 18. Bd3 a6 19. Qf5 g6 20. Qh3 h5 21. Qh4 b5 22. Rad1 b4 23. cxb4 Qxd4 24. Qxd4 Nxd4 25. Bxa6 Nc2 26. b5 Nb4 27. Rc1 Nxa2 28. Rc4 Re1 29. Rxc7 Rxf1+ 30. Kxf1 Nb4 31. Rc8 Kf8 32. Rxe8+ Kxe8 33. Ke2 Kd8 34. Kd2 Kc7 35. Kc3 Nd5+ 36. Kd4 Nf4 37. g3 Ne2+ 38. Ke5 Kb6 39. Kf6 Nd4 40. Kxf7 g5 41. Kg6 h4 42. Kxg5 hxg3 43. fxg3 Nxb3 44. h4 Nd4 45. h5 Ne6+ 46. Kg6 Nf8+ 47. Kf7 Nd7 48. h6 Ne5+ 49. Kg7 Nd7 50. h7 Nc5 51. h8Q Nb3 52. Qb8+ Ka5 53. Qc7+ Kb4 54. Qf4+ Ka5 55. Bc8 Nc5 56. Bf5 Nb7 57. Qe5 Kb6 58. Be4 Nc5 59. Qd6+ Kxb5 60. Bc6+ Kc4 61. Qxc5+ Kxc5 62. Be8 Kd6 63. g4 Ke5 64. g5 Kf5 65. g6 Kg5 66. Kh7 Kh4 67. g7 Kg3 68. g8Q+ Kf2 69. Qg6 Ke3 70. Kh6 Kd4 71. Qa6 Ke3 72. Kg5 Kd4 73. Qa3 Kd5 74. Kf4 1-0

[Event "Oskarja Memorial 10th"]
[Site "Chess.com INT"]
[Date "2021.01.16"]
[Round "11"]
[White "Markun, Ozbej"]
[Black "Buljic, Semir"]
[Result "1-0"]
[WhiteElo "1753"]
[BlackElo "1703"]
[PlyCount "125"]
[EventDate "2021.01.16"]
[EventType "swiss (blitz)"]
[EventRounds "15"]
[EventCountry "SLO"]
[SourceTitle "CBM 200 Extra"]
[Source "ChessBase"]
[SourceDate "2021.03.31"]
[SourceVersion "1"]
[SourceVersionDate "2021.03.31"]
[SourceQuality "1"]

1. e4 Nf6 2. e5 Nd5 3. c4 Nb6 4. c5 Nd5 5. Bc4 c6 6. Nc3 d6 7. Nxd5 cxd5 8. Bxd5 dxc5 9. Qb3 e6 10. Bxb7 Bxb7 11. Qxb7 Nd7 12. Nf3 Be7 13. 0-0 0-0 14. Rd1 f6 15. d4 Qc8 16. Qxc8 Raxc8 17. Be3 Rb8 18. b3 Rfd8 19. Rac1 Rbc8 20. dxc5 Bxc5 21. Bxc5 Nxc5 22. Rxd8+ Rxd8 23. exf6 gxf6 24. Kf1 Ne4 25. Rc7 Nd2+ 26. Nxd2 Rxd2 27. Rxa7 Rb2 28. g3 h5 29. Kg2 f5 30. Ra4 Kg7 31. b4 Kg6 32. a3 Kf6 33. Ra5 e5 34. b5 e4 35. Ra6+ Ke5 36. Kh3 f4 37. gxf4+ Kxf4 38. b6 Kf3 39. a4 Kxf2 40. a5 e3 41. Ra8 e2 42. Rf8+ Ke1 43. Re8 Kd1 44. Kh4 e1Q+ 45. Rxe1+ Kxe1 46. Kxh5 Rxh2+ 47. Kg6 Ra2 48. b7 Rb2 49. a6 Kd2 50. a7 Rxb7 51. a8Q Rb2 52. Qd5+ Kc2 53. Qd4 Kb1 54. Kf5 Ka2 55. Ke4 Ka3 56. Qc5+ Rb4+ 57. Kd3 Ka4 58. Qa7+ Kb3 59. Qf7+ Ka4 60. Qd7+ Kb3 61. Qd5+ Ka4 62. Kc3 Rb5 63. Qa2# 1-0

[Event "Oskarja Memorial 10th"]
[Site "Chess.com INT"]
[Date "2021.01.16"]
[Round "3"]
[White "Markun, Ozbej"]
[Black "Kvaternik, Kresimir"]
[Result "0-1"]
[WhiteElo "1753"]
[BlackElo "1881"]
[PlyCount "74"]
[EventDate "2021.01.16"]
[EventType "swiss (blitz)"]
[EventRounds "15"]
[EventCountry "SLO"]
[SourceTitle "CBM 200 Extra"]
[Source "ChessBase"]
[SourceDate "2021.03.31"]
[SourceVersion "1"]
[SourceVersionDate "2021.03.31"]
[SourceQuality "1"]

1. e4 c5 2. Nf3 Nc6 3. d4 cxd4 4. Nxd4 d6 5. Be2 g6 6. 0-0 Bg7 7. Be3 a6 8. Nc3 e6 9. Kh1 Nge7 10. f4 d5 11. e5 0-0 12. Qe1 b5 13. Rd1 Bd7 14. g4 b4 15. Nb1 Rc8 16. Nxc6 Nxc6 17. Bc5 Re8 18. Bxb4 Nxb4 19. Qxb4 Rxc2 20. Rd2 Rxd2 21. Qxd2 Bc6 22. Bf3 Qb6 23. Na3 Rb8 24. b3 Bf8 25. Nc2 Rc8 26. Nd4 Bd7 27. Rd1 Bb4 28. Qd3 Bc5 29. Bg2 Bxd4 30. Qxd4 Qxd4 31. Rxd4 Rc1+ 32. Bf1 Rxf1+ 33. Kg2 Rc1 34. Rb4 Kg7 35. a4 Bc6 36. Rb6 d4+ 37. Kg3 d3 0-1

[Event "SLO-chT2 West"]
[Site "Komenda"]
[Date "2019.12.01"]
[Round "8.3"]
[White "Pucelj, Joze"]
[Black "Markun, Ozbej"]
[Result "1/2-1/2"]
[WhiteElo "2079"]
[BlackElo "1476"]
[PlyCount "49"]
[EventDate "2019.11.15"]
[EventType "team-tourn"]
[EventRounds "9"]
[EventCountry "SLO"]
[SourceTitle "EXT 2024"]
[Source "ChessBase"]
[SourceDate "2023.10.10"]
[SourceVersion "1"]
[SourceVersionDate "2023.10.10"]
[SourceQuality "1"]
[WhiteTeam "Dolenjske Toplice"]
[BlackTeam "Prevodi Dvojka"]
[WhiteTeamCountry "SLO"]
[BlackTeamCountry "SLO"]

1. e4 e5 2. Nf3 Nc6 3. Bb5 a6 4. Ba4 Nf6 5. 0-0 b5 6. Bb3 Be7 7. Qe2 0-0 8. c3 d5 9. exd5 Nxd5 10. Nxe5 Nxe5 11. Qxe5 c6 12. Bxd5 cxd5 13. d4 Bd6 14. Qg5 Be7 15. Qg3 Bd6 16. Bf4 Bxf4 17. Qxf4 Re8 18. Qf3 Qg5 19. Qg3 Qxg3 20. fxg3 Re2 21. Rf2 Re1+ 22. Rf1 Re2 23. Rf2 Re1+ 24. Rf1 Re2 25. Rf2 1/2-1/2

[Event "SLO-chT2 West"]
[Site "Komenda"]
[Date "2019.11.30"]
[Round "6.5"]
[White "Bradac, Simon"]
[Black "Markun, Ozbej"]
[Result "1/2-1/2"]
[WhiteElo "1471"]
[BlackElo "1476"]
[PlyCount "66"]
[EventDate "2019.11.15"]
[EventType "team-tourn"]
[EventRounds "9"]
[EventCountry "SLO"]
[SourceTitle "EXT 2024"]
[Source "ChessBase"]
[SourceDate "2023.10.10"]
[SourceVersion "1"]
[SourceVersionDate "2023.10.10"]
[SourceQuality "1"]
[WhiteTeam "Ilirska Bistrica Rimex"]
[BlackTeam "Prevodi Dvojka"]
[WhiteTeamCountry "SLO"]
[BlackTeamCountry "SLO"]

1. e4 e5 2. Nf3 Nc6 3. Bc4 Nf6 4. d3 Be7 5. Nbd2 0-0 6. c3 d5 7. Bb3 h6 8. Qe2 Re8 9. Nf1 Be6 10. Ng3 Qd7 11. h3 a5 12. Ba4 Bd6 13. Nh4 Rab8 14. Qf3 Qd8 15. Ngf5 Bf8 16. Bc2 Kh7 17. g4 g6 18. Ng3 Bg7 19. Rg1 dxe4 20. dxe4 Nxe4 21. Nxe4 Qxh4 22. g5 Red8 23. gxh6 Bxh6 24. Bxh6 Qxh6 25. Qf6 Qg7 26. Ng5+ Kg8 27. Qxg7+ Kxg7 28. Bxg6 Kf6 29. Nxe6 Kxe6 30. Bh5 Rh8 31. Be2 f5 32. Rg3 Ne7 33. 0-0-0 b5 1/2-1/2

[Event "Otocec Krka Terme op"]
[Site "Otocec"]
[Date "2018.12.28"]
[Round "8"]
[White "Markun, Ozbej"]
[Black "Hocevar, Tim"]
[Result "1/2-1/2"]
[WhiteElo "1898"]
[BlackElo "1207"]
[PlyCount "73"]
[EventDate "2018.12.25"]
[EventType "swiss"]
[EventRounds "9"]
[EventCountry "SLO"]
[SourceTitle "EXT 2020"]
[Source "ChessBase"]
[SourceDate "2019.10.17"]
[SourceVersion "1"]
[SourceVersionDate "2019.10.17"]
[SourceQuality "1"]

1. e4 c5 2. d4 cxd4 3. c3 dxc3 4. Nxc3 Nc6 5. Nf3 e6 6. Bc4 Nf6 7. e5 Ng8 8. Bf4 Bb4 9. 0-0 Bxc3 10. bxc3 h6 11. Qe2 Nge7 12. Rfd1 0-0 13. Bd3 Nd5 14. Bd2 b6 15. Nd4 Bb7 16. Qg4 Nxe5 17. Qg3 Qf6 18. Be4 Bc6 19. Rac1 Ne7 20. Nxc6 N5xc6 21. c4 Rac8 22. Bc3 Qg5 23. Qxg5 hxg5 24. Rxd7 Rfd8 25. Rcd1 Rxd7 26. Rxd7 Rd8 27. Rxd8+ Nxd8 28. Kf1 f5 29. Bc2 Kf7 30. Ke2 Ndc6 31. h3 e5 32. g3 g6 33. Ba4 f4 34. Kf3 fxg3 35. fxg3 Ke6 36. Kg4 Kf6 37. Bd2 1/2-1/2

[Event "Otocec Krka Terme op"]
[Site "Otocec"]
[Date "2018.12.25"]
[Round "3"]
[White "Bajt, Hana"]
[Black "Markun, Ozbej"]
[Result "1-0"]
[WhiteElo "1769"]
[BlackElo "1898"]
[PlyCount "89"]
[EventDate "2018.12.25"]
[EventType "swiss"]
[EventRounds "9"]
[EventCountry "SLO"]
[SourceTitle "EXT 2020"]
[Source "ChessBase"]
[SourceDate "2019.10.17"]
[SourceVersion "1"]
[SourceVersionDate "2019.10.17"]
[SourceQuality "1"]

1. e4 e5 2. Nf3 Nc6 3. Bc4 Nf6 4. Ng5 d5 5. exd5 Na5 6. d3 Bc5 7. a3 Nxc4 8. dxc4 0-0 9. h3 a5 10. 0-0 Qe7 11. Nf3 Re8 12. Nc3 Bd7 13. Re1 Bd6 14. Bg5 h6 15. Bxf6 Qxf6 16. Ne4 Qe7 17. c3 a4 18. c5 Bxc5 19. Nxc5 Qxc5 20. Rxe5 Qd6 21. Qd4 Rxe5 22. Nxe5 Re8 23. Nxd7 Qxd7 24. Kf1 Qb5+ 25. c4 Qd7 26. Re1 Rxe1+ 27. Kxe1 Qe7+ 28. Qe3 Kf8 29. Kd2 Qd6 30. Kc3 c6 31. dxc6 Qxc6 32. Qd4 f6 33. Qd5 Qa6 34. Qb5 Qa7 35. Kb4 Qxf2 36. Qc5+ Qxc5+ 37. Kxc5 g5 38. Kb6 f5 39. Kxb7 h5 40. c5 g4 41. hxg4 hxg4 42. c6 f4 43. c7 f3 44. c8Q+ Ke7 45. Qxg4 1-0